Statistics for Harry Styles - Only Angel (All Lyrics)

Click here to take the quiz!

General Stats

  • This quiz has been taken 949 times
  • The average score is 190 of 253

Answer Stats

Answer% Correct
a
99%
an
98%
angel
97%
Intro | Verse 2I
97%
on
96%
only
95%
Only
95%
you
95%
she
93%
My
92%
my
92%
she's
92%
ChorusShe's
92%
the
92%
be
91%
and
90%
And
90%
in
90%
it
89%
about
88%
do
88%
That
88%
that
88%
your
88%
me
86%
see
85%
to
83%
can
82%
nothing
81%
between
80%
there's
79%
up
78%
love
77%
Verse 1Open
77%
eyes
76%
I'm
76%
like
76%
one
75%
with
75%
just
73%
mouth
73%
been
72%
that's
72%
bedroom
71%
door
71%
what
71%
But
70%
floor
70%
got
70%
mother
70%
still
70%
think
70%
who's
70%
knocking
69%
short
69%
skirt
69%
teeth
67%
When
67%
Broke
66%
finger
66%
splinters
66%
crawling
65%
take
65%
across
64%
home
64%
stuck
64%
sheets
63%
her
62%
saw
62%
Couldn't
60%
told
60%
Told
60%
devil
59%
getting
58%
mine
56%
wait
56%
brother
55%
make
55%
really
54%
gonna
53%
must
52%
Hey
51%
hey
51%
out
49%
I'd
48%
admit
47%
turns
46%
warning
46%
As
45%
happy
44%
thought
44%
through
44%
business
43%
every
43%
signs
43%
went
43%
single
42%
time
42%
hallway
41%
this
41%
Wanna
36%
wanna
36%
die
35%
meeting
32%
tonight
29%
ooh
27%
Bridge(Ooh
27%
End
26%
(Yeah
21%
yeah
21%
yeah)
21%
shout
11%
knuckless
5%
ah-ah)
2%

Score Distribution

Percentile by Number Answered

Percent of People with Each Score

Your Score History

You have not taken this quiz